000 00911nam a2200253 i 4500
001 000026604
003 DO-SdBNP
005 20230915112522.0
007 ta
008 110324s1952 dr a 000 0 spa d
040 _aDO-SdBNP
_bspa
_cBNPHU
_erda
082 _bM533
_222
111 2 _aCongreso histórico municipal interamericano
_n(5 :
_d1952 abril. 23-30
_cCiudad Trujillo, República Dominicana )
_953709
245 1 0 _aMemoria del V congreso histórico municipal interamericano.
264 1 _aCiudad Trujillo, República Dominicana :
_b[editor no identificado]
_c1952.
300 _a2 volumenes
_bilustraciones
_c23 cm.
336 _2rdacontent
_atexto
_btxt
337 _2rdamedia
_asin mediación
_bn
338 _2rdacarrier
_avolumen
_bnc
504 _aIncluye referencias bibliográficas y notas al pie de las páginas
590 _aInventariado, 2023/ YL
910 _aYLockward
942 _2ddc
_cLBS1
999 _c26096
_d26096